|
|
|
|
| LEADER |
01001cam a2200301 7i4500 |
| 001 |
0000035938 |
| 005 |
20190327090000.0 |
| 007 |
##ta |
| 008 |
190327s2018 gw a ob 000 0 eng d |
| 020 |
# |
# |
|a 9783319735467
|
| 040 |
# |
# |
|a MATR
|
| 090 |
0 |
0 |
|a B 658.4038011
|b KNO
|
| 245 |
0 |
0 |
|a Knowledge Management in Digital Change :
|b New Findings and Practical Cases
|c edited by Klaus North, Ronald Maier, Oliver Haas..
|
| 264 |
# |
1 |
|a Cham:
|b Springer International Publishing,
|c 2018.
|
| 300 |
# |
# |
|a xiii, 394 pages:
|b illustrations;
|c 21 cm.
|
| 336 |
# |
# |
|a text
|2 rdacontent
|
| 337 |
# |
# |
|a unmediated
|2 rdamedia
|
| 338 |
# |
# |
|a volume
|2 rdacarrier
|
| 504 |
# |
# |
|a Includes bibliographical references
|
| 650 |
# |
0 |
|a Planning
|
| 650 |
# |
0 |
|a Business
|
| 650 |
# |
0 |
|a Organization
|
| 650 |
# |
0 |
|a Knowledge management
|
| 650 |
# |
0 |
|a Management information systems
|
| 700 |
1 |
# |
|a North, Klaus
|
| 700 |
1 |
# |
|a Maier, Ronald(
|d 1968-)
|
| 700 |
1 |
# |
|a Haas, Oliver
|
| 999 |
|
|
|a 0000040542
|b Book
|c Book
|e Business Information Centre
|